| 000 | 01101nam0a22002891 4500 | ||
|---|---|---|---|
| 001 | rc\4078201 | ||
| 005 | 20260406123014.0 | ||
| 021 |
_aRU _b[54-32723] |
||
| 035 | _a(NLR Aleph) 008124311 | ||
| 090 |
_a9383311 _c9383311 |
||
| 100 | _a20130415d1954 |||y0rusy50 ca | ||
| 101 | 0 | _arus | |
| 102 | _aRU | ||
| 105 | _aa z ||||| | ||
| 200 | 1 |
_aИнструкция к домашним заданиям по курсу сопротивления материалов _fКазан. авиац. ин-т. Кафедра сопротивления материалов |
|
| 210 |
_aКазань _cБ. и. _d1954 |
||
| 215 |
_a24 с. _cчерт. _d25 |
||
| 300 | _aНа 24-й с. сост.: Вахитов М.Б. | ||
| 606 |
_aСопротивление материалов _xДомашние задания _2psbo |
||
| 702 | 1 |
_aВахитов _bМ.Б. _4220 |
|
| 710 | 0 | 2 |
_aКазанский авиационный институт _3RU\NLR\AUTH\8815734 _9304615 |
| 801 | 0 |
_aRU _bNLR _gpsbo |
|
| 801 | 1 |
_aRU _bELAR _2rusmarc |
|
| 852 |
_aNLR _jМх02 Г-8/125 |
||
| 942 | _cBOOK | ||
| 980 | _aNB | ||